00548nam a2200193 a 45000010005000000030009000050050017000140080041000310400028000720820015001001000031001152450084001462600033002303000009002634900023002726500018002956500022003136500019003356136CO-ViMGA20230915225802.0141112s2004 ck r 000 u spa d aCO-ViMGAbspacCO-ViMGA04a808.5 G1721 aGarcía del Toro, Antonio10aComunicación y expresión oral y escrita : bla dramatización como recurso aBarcelona : bGraó, c1995 a95 p aPunto y seguido, 714aDRAMATIZACION14aEXPRESION ESCRITA14aEXPRESION ORAL